根据省级行政区划代码写出省级行政区Answer Provinces According to the Codes - Statistics

General Stats
  • This quiz has been taken 223 times
  • The average score is 32 of 34
Answer Stats
省级行政区划代码 省级行政区 % Correct
11 北京市
99%
12 天津市
99%
13 河北省
98%
14 山西省
96%
21 辽宁省
96%
22 吉林省
96%
23 黑龙江省
96%
15 内蒙古自治区
94%
31 上海市
94%
32 江苏省
94%
33 浙江省
94%
34 安徽省
93%
35 福建省
93%
36 江西省
93%
71 台湾省
93%
81 香港特别行政区
93%
82 澳门特别行政区
93%
37 山东省
92%
42 湖北省
92%
43 湖南省
92%
50 重庆市
92%
51 四川省
92%
52 贵州省
92%
53 云南省
92%
61 陕西省
92%
62 甘肃省
92%
41 河南省
91%
44 广东省
91%
63 青海省
91%
64 宁夏回族自治区
91%
65 新疆维吾尔自治区
91%
45 广西壮族自治区
90%
54 西藏自治区
90%
46 海南省
89%
No matching quizzes found
Score Distribution
Percent of People with Each Score
Percentile by Number Answered
Your Score History
You have not taken this quiz